000 01275nam a2200289 a 4500
001 BRCA_4840
005 20190320204827.0
008 201010s1813----mx-######l---#000-0#spa-#
041 _aspa
044 _amx
084 _aDOC2
_b.I88
_c1813
100 1 _aIturbide, Agustín de
_d1783-1824
_912252
245 1 0 _aDocumento firmado por Don Agustín de Iturbide
_cAgustín de Iturbide ; Pérez Gálvez.
260 _aLeón, Gto., México
_c1813
300 _a[2] fojas
_c21 x 5 cm.
500 _aDocumento firmado el 18 de julio de 1813.
500 _aContestación firmada por Don Agustín de Iturbide en León (Guanajuato), dirigida al Coronel Conde de Pérez Gálvez, aceptando el nombramiento de Don Remigio Villalas como Teniente del Cuerpo de Artilleros de dicha Villa.
500 _aEl documento contiene la leyenda DOC. #11.
506 0 _aFondo Reservado. Para su consulta es necesario credencial de usuario y carta de motivos.
546 _aTexto en: español de principios del siglo XIX.
600 1 4 _aIturbide, Agustín de
_d1783-1824
_xHistoria
_912253
651 4 _aMéxico
_vGuerra de Independencia, 1810-1821
_xManuscritos
_912254
700 1 _aGálvez, Pérez
_cConde de
_912255
700 1 _aVIllalas, Remigio
_912256
902 _aFDH
942 _2lcc
_cD
999 _c4534
_d4534